Historia de la filosofía
Guardat en:
| Autors principals: | , |
|---|---|
| Altres autors: | |
| Format: | Llibre |
| Idioma: | espanyol |
| Publicat: |
Bogotá
Universidad Pedagógica Nacional
2007
|
| Matèries: | |
| Etiquetes: |
Afegir etiqueta
Sense etiquetes, Sigues el primer a etiquetar aquest registre!
|
MARC
| LEADER | 00000nam a2200000 a 4500 | ||
|---|---|---|---|
| 001 | UCI2065 | ||
| 003 | CL-VaPUC | ||
| 005 | 20241127085256.0 | ||
| 008 | 070803e20070000CK |||||||||||||||||spa|d | ||
| 999 | |c 326712 |d 326710 | ||
| 020 | |a 9586928659 | ||
| 040 | |c Pontificia Universidad Católica de Valparaíso | ||
| 082 | 0 | 4 | |a 109 |b REA |2 21 |
| 100 | 0 | |a Reale, Giovanni |e author |9 522925 | |
| 245 | 1 | 0 | |a Historia de la filosofía |
| 260 | |a Bogotá |b Universidad Pedagógica Nacional |c 2007 | ||
| 300 | |a v | ||
| 505 | |a v.1: Filosofía pagana antigua. | ||
| 583 | |a last modification |c 20070803 00:00:00 |k Rodrigo Vera | ||
| 600 | 0 | |a Sócrates |9 266368 | |
| 600 | 0 | 7 | |a PLATON |2 CL-VaPUC |9 222 |
| 600 | 0 | |a Aristóteles, |d 384 a.C.- 322 a.C. |9 194 | |
| 650 | 0 | |a Historia de la filosofía |9 256920 | |
| 650 | 0 | |a Filosofía antigua |9 255705 | |
| 650 | 0 | |a Filosofía romana |9 344946 | |
| 650 | 0 | |a Filosofía griega |9 265579 | |
| 650 | 0 | |a Filósofos griegos |9 267553 | |
| 650 | 0 | |a Escuelas filosóficas |9 266232 | |
| 700 | 0 | |a Antíseri, Darío |e author |9 522926 | |
| 700 | 0 | |a Gómez, Jorge |e traductor |e (v.1) |9 864927 | |
| 942 | |c BK |2 ddc | ||
| 945 | |d 20070803 00:00:00 |a rbrito | ||
| 952 | |0 0 |1 0 |4 0 |6 109_000000000000000_REA_2007 |7 0 |8 A |9 408821 |a BIBEDU |b BIBEDU |d 2019-11-22 |h v.1 |i 4361741 |l 2 |o 109 REA 2007 |p 4361741 |q 2025-05-23 |r 2025-05-08 |s 2025-05-08 |w 2019-11-22 |y BK |k FIL | ||
| 952 | |0 0 |1 0 |4 0 |6 109_000000000000000_REA_2007 |7 0 |8 A |9 408822 |a BIBTEO |b BIBTEO |d 2019-11-22 |h v.3 |i 4573838 |l 2 |o 109 REA 2007 |p 4573838 |r 2025-01-17 |s 2024-08-05 |w 2019-11-22 |y BK |k ICR | ||
| 952 | |0 0 |1 0 |4 0 |6 109_000000000000000_REA_2007 |7 0 |8 A |9 408823 |a BIBTEO |b BIBTEO |d 2019-11-22 |h v.4 |i 4573846 |l 1 |m 1 |o 109 REA 2007 |p 4573846 |q 2025-05-22 |r 2025-04-22 |s 2025-04-22 |w 2019-11-22 |y BK |k ICR | ||